Lecture experiments in chemistry.

Bibliographic Details
Main Author: Fowles, George
Format: Book
Language:English
Published: Philadelphia : Blakiston Co., [1947]
Edition:3d ed., with suppl.
Subjects:

MARC

Tag First Indicator Second Indicator Subfields
LEADER 00000cam a2200000 4500
001 in00000049389
005 20151007071709.0
008 791019s1947 paua b 00100 eng
010 |a  48006470  
035 |a (OCoLC)05540478 
035 |9 AAE6462AM 
040 |a DLC  |c VRU  |d TXA  |d UtOrBLW 
049 |a TXAM  |c [232650] 
050 0 0 |a QD43  |b .F67 1947 
082 0 |a 540.72 
092 |a 540.72  |b F7853 
100 1 |a Fowles, George. 
245 1 0 |a Lecture experiments in chemistry. 
250 |a 3d ed., with suppl. 
264 1 |a Philadelphia :  |b Blakiston Co.,  |c [1947] 
300 |a xvi, 612 pages :  |b illustrations ;  |c 22 cm. 
336 |a text  |b txt  |2 rdacontent 
337 |a unmediated  |b n  |2 rdamedia 
338 |a volume  |b nc  |2 rdacarrier 
504 |a Includes bibliographical references. 
650 0 |a Chemistry  |x Experiments. 
650 0 |a Chemistry  |x Study and teaching. 
999 |a MARS 
999 f f |s ac719fd4-498d-3b96-9301-7909f079de28  |i 6a6f7082-39c1-382e-a3ee-72f2f42766b0  |t 0 
952 f f |p ric  |a Texas A&M University  |b Rellis Campus  |c Joint Library Facility  |d Remote Storage  |t 0  |e QD43 .F67 1947  |h Library of Congress classification  |i unmediated -- volume  |m A14800932709 
998 f f |a QD43 .F67 1947  |t 0  |l Remote Storage